[Event "BCF-ch U10"]
[White "Dairi, Daniella"]
[Black "Sobolevski, Damien"]
[Site "Hull"]
[Round "4"]
[Result "1/2-1/2"]
[Date "2024.07.31"]
[WhiteElo "787"]
[BlackElo "1041"]
[PlyCount "98"]
[EventDate "2024.07.28"]
[EventType "swiss"]
[EventRounds "7"]
[EventCountry "ENG"]
[SourceTitle "EXT 2025"]
[Source "ChessBase"]
[SourceDate "2024.10.14"]
[SourceVersion "1"]
[SourceVersionDate "2024.10.14"]
[SourceQuality "1"]

1. e4 c6 2. Nf3 d5 3. Nc3 dxe4 4. Nxe4 Nf6 5. Nxf6+ exf6 6. Bc4 Bd6 7. a3 0-0 8. d4 Bg4 9. h3 Re8+ 10. Be2 Bh5 11. Be3 Nd7 12. Qd2 Nf8 13. 0-0-0 Bxf3 14. Bxf3 Qe7 15. Qa5 Nd7 16. Kb1 Rac8 17. Rde1 b5 18. Bf4 Qf8 19. Bxd6 Qxd6 20. Rxe8+ Rxe8 21. Re1 Ra8 22. Re2 Qxd4 23. Rd2 Qb6 24. Qxb6 Nxb6 25. Bxc6 Nc4 26. Bxa8 Nxd2+ 27. Kc1 Nc4 28. Bd5 Ne5 29. b3 Kf8 30. c4 bxc4 31. Bxc4 Nxc4 32. bxc4 Ke7 33. Kb2 Kd6 34. Kb3 Kc5 35. Ka4 Kxc4 36. Ka5 a6 37. a4 Kb3 38. Kxa6 Kxa4 39. Kb7 Kb5 40. Kc7 Kc4 41. Kd6 Kd4 42. Ke7 Kd3 43. Kxf7 Ke2 44. f4 Kf2 45. g4 Kg3 46. Kxg7 Kxh3 47. g5 fxg5 48. fxg5 Kh4 49. Kxh7 Kxg5 1/2-1/2

[Event "BCF-ch Major"]
[White "Sobolevski, Damien"]
[Black "Siddhartha, Shankar Srivastava"]
[Site "Hull"]
[Round "5"]
[Result "0-1"]
[Date "2024.07.31"]
[WhiteElo "1041"]
[BlackElo "1595"]
[PlyCount "56"]
[EventDate "2024.07.27"]
[EventType "swiss"]
[EventRounds "9"]
[EventCountry "ENG"]
[SourceTitle "CBM 221 Extra"]
[Source "ChessBase"]
[SourceDate "2024.09.30"]
[SourceVersion "1"]
[SourceVersionDate "2024.09.30"]
[SourceQuality "1"]

1. d4 d5 2. Nc3 Nf6 3. Bf4 g6 4. Qd2 Bg7 5. Nf3 a6 6. e3 Nbd7 7. Bd3 0-0 8. h3 c5 9. 0-0-0 b5 10. g4 Bb7 11. Rdg1 Qa5 12. Kb1 b4 13. Ne2 c4 14. Bf5 Ne4 15. Bxe4 dxe4 16. Ne1 Rfc8 17. c3 bxc3 18. Nxc3 e5 19. dxe5 Nxe5 20. h4 Rd8 21. Qe2 Nd3 22. h5 Nxb2 23. Qxb2 Bxc3 24. Qxb7 Rd1+ 25. Kc2 Rd2+ 26. Kc1 Qa3+ 27. Kb1 Rd1+ 28. Kc2 Qc1# 0-1

[Event "BCF-ch U10"]
[White "Sobolevski, Damien"]
[Black "Keshari, Krish"]
[Site "Hull"]
[Round "1"]
[Result "0-1"]
[Date "2024.07.28"]
[WhiteElo "1041"]
[BlackElo "1602"]
[PlyCount "120"]
[EventDate "2024.07.28"]
[EventType "swiss"]
[EventRounds "7"]
[EventCountry "ENG"]
[SourceTitle "EXT 2025"]
[Source "ChessBase"]
[SourceDate "2024.10.14"]
[SourceVersion "1"]
[SourceVersionDate "2024.10.14"]
[SourceQuality "1"]

1. e4 e5 2. Nf3 Nc6 3. Bb5 a6 4. Bxc6 dxc6 5. d4 exd4 6. Qxd4 Qxd4 7. Nxd4 Bc5 8. Be3 Nf6 9. Nc3 0-0 10. 0-0 Re8 11. f3 Be6 12. Kh1 Bc4 13. Rfe1 Nd7 14. b3 Bb4 15. Bd2 c5 16. Nde2 Be6 17. Nf4 Rad8 18. Nxe6 Rxe6 19. f4 Nf8 20. f5 Ree8 21. Rad1 Rxd2 22. Rxd2 Bxc3 23. Rde2 Bxe1 24. Rxe1 f6 25. g4 Rd8 26. Rc1 Rd2 27. h4 Re2 28. g5 Rxe4 29. gxf6 gxf6 30. h5 Rh4+ 31. Kg2 Rxh5 32. Rf1 Nd7 33. Kg3 Rg5+ 34. Kf4 Ne5 35. Rd1 Rg4+ 36. Ke3 Rg3+ 37. Kf4 Rf3+ 38. Ke4 Kf7 39. Rd5 b6 40. Rxe5 fxe5 41. Kxf3 Kf6 42. Kg4 e4 43. Kf4 e3 44. Kxe3 Kxf5 45. Kf3 h5 46. c3 h4 47. c4 c6 48. Kg2 b5 49. cxb5 cxb5 50. Kf3 c4 51. bxc4 bxc4 52. Ke2 h3 53. Kf2 c3 54. Kg3 c2 55. a4 c1Q 56. a5 Qg1+ 57. Kxh3 Qg4+ 58. Kh2 Kf4 59. Kh1 Kg3 60. Kg1 Qd1# 0-1

[Event "BCF-ch Major"]
[White "Sobolevski, Damien"]
[Black "McCarthy, Damian"]
[Site "Hull"]
[Round "1"]
[Result "0-1"]
[Date "2024.07.27"]
[WhiteElo "1041"]
[BlackElo "1880"]
[PlyCount "66"]
[EventDate "2024.07.27"]
[EventType "swiss"]
[EventRounds "9"]
[EventCountry "ENG"]
[SourceTitle "CBM 221 Extra"]
[Source "ChessBase"]
[SourceDate "2024.09.30"]
[SourceVersion "1"]
[SourceVersionDate "2024.09.30"]
[SourceQuality "1"]

1. e4 c5 2. Nf3 e6 3. d4 cxd4 4. Nxd4 Nc6 5. Nxc6 bxc6 6. Nc3 e5 7. Bc4 Nf6 8. 0-0 Be7 9. Be3 0-0 10. f4 d6 11. f5 Qa5 12. Rf3 Ng4 13. Rg3 Nxe3 14. Rxe3 d5 15. exd5 Bc5 16. Qe2 Qb6 17. Re1 Bxf5 18. Na4 Bxe3+ 19. Qxe3 Qxe3+ 20. Rxe3 Bxc2 21. Nc3 cxd5 22. Bxd5 Rab8 23. b3 Rfe8 24. Rf3 Bg6 25. Re3 Kf8 26. Na4 Rbc8 27. Nb2 Rc1+ 28. Kf2 Rc2+ 29. Re2 Rd8 30. Rxc2 Bxc2 31. Bf3 Bb1 32. a4 Rd2+ 33. Ke3 Rxb2 0-1